[Event "Reykjavik Meistaramot Hellis op"]
[Site "Reykjavik"]
[Date "2009.02.06"]
[Round "4"]
[White "Arnalds, Stefan"]
[Black "Halldorsson, Thorhallur"]
[Result "1/2-1/2"]
[WhiteElo "1953"]
[BlackElo "1425"]
[PlyCount "57"]
[EventDate "2009.02.02"]
[EventType "swiss"]
[EventRounds "7"]
[EventCountry "ISL"]
[SourceTitle "EXT 2010"]
[Source "ChessBase"]
[SourceDate "2010.11.25"]
[SourceVersion "1"]
[SourceVersionDate "2010.11.25"]
[SourceQuality "1"]

1. d4 Nf6 2. c4 c5 3. Nf3 cxd4 4. Nxd4 e5 5. Nb5 d5 6. cxd5 Bc5 7. e3 0-0 8. Bc4 a6 9. N5c3 b5 10. Bd3 b4 11. Na4 Ba7 12. e4 Ng4 13. Be3 Nxe3 14. fxe3 Qg5 15. 0-0 Bxe3+ 16. Kh1 Qh6 17. a3 a5 18. Qf3 Bd7 19. axb4 axb4 20. b3 Na6 21. Ra2 Nc5 22. Nxc5 Bf4 23. h3 Bxh3 24. Qxh3 Qxh3+ 25. gxh3 Rxa2 26. d6 Be3 27. Na6 Rd8 28. Nxb4 Rf2 29. Nd5 1/2-1/2